00297nam a2200097Ia 45000010005000000080041000050820027000461000066000732450017001392600043001563768241024s9999 xx 000 0 und d aRD/577.079/AS837m/2013 aRepública Dominicana. Asociación para el Desarrollo APEDI 0aMemoria 2013 bSantiago, República Dominicanac2013